Paryaavaran Arthashastra : Siddhaant Evam Anuprayog.

Bibliographic Details
Main Author: Singh, Katar.
Other Authors: Shishodia, Anil.
Format: eBook
Language:Hindi
Published: New Delhi : SAGE Publications India Pvt, Ltd., 2019.
Edition:1st ed.
Subjects:
Online Access:Click to View
LEADER 01724nam a22003733i 4500
001 EBC5725468
003 MiAaPQ
005 20231204023214.0
006 m o d |
007 cr cnu||||||||
008 231204s2019 xx o ||||0 hin d
020 |a 9789353285210  |q (electronic bk.) 
020 |z 9789353285197 
035 |a (MiAaPQ)EBC5725468 
035 |a (Au-PeEL)EBL5725468 
035 |a (OCoLC)1090021071 
040 |a MiAaPQ  |b eng  |e rda  |e pn  |c MiAaPQ  |d MiAaPQ 
100 1 |a Singh, Katar. 
245 1 0 |a Paryaavaran Arthashastra :  |b Siddhaant Evam Anuprayog. 
250 |a 1st ed. 
264 1 |a New Delhi :  |b SAGE Publications India Pvt, Ltd.,  |c 2019. 
264 4 |c Ã2019. 
300 |a 1 online resource (360 pages) 
336 |a text  |b txt  |2 rdacontent 
337 |a computer  |b c  |2 rdamedia 
338 |a online resource  |b cr  |2 rdacarrier 
505 0 |a Cover -- Contents -- Preface -- Chapter 1 -- Chapter 2 -- Chapter 3 -- Chapter 4 -- Chapter 5 -- Chapter 6 -- Chapter 7 -- Chapter 8 -- Chapter 9 -- Chapter 10 -- Chapter 11 -- Chapter 12 -- Chapter 13 -- Chapter 14 -- References -- About the Authors. 
588 |a Description based on publisher supplied metadata and other sources. 
590 |a Electronic reproduction. Ann Arbor, Michigan : ProQuest Ebook Central, 2023. Available via World Wide Web. Access may be limited to ProQuest Ebook Central affiliated libraries.  
655 4 |a Electronic books. 
700 1 |a Shishodia, Anil. 
776 0 8 |i Print version:  |a Singh, Katar  |t Paryaavaran Arthashastra  |d New Delhi : SAGE Publications India Pvt, Ltd.,c2019  |z 9789353285197 
797 2 |a ProQuest (Firm) 
856 4 0 |u https://ebookcentral.proquest.com/lib/matrademy/detail.action?docID=5725468  |z Click to View